| 000 | 00417nam a2200145 i 4500 | ||
|---|---|---|---|
| 001 | 32744 | ||
| 003 | ES-MaACL | ||
| 007 | t| | ||
| 008 | 030131s1856 fr ||||1| fre d | ||
| 100 | 1 |
_aBerton, Caroline. _928484 |
|
| 245 | 1 | 3 |
_aLe Bonheur impossible _b: mort et vivant / _cpar Caroline Berton née Samson. |
| 260 |
_aParís : _bM. Lévy frères, _c1856. |
||
| 300 |
_a294 p. ; _c19 cm. |
||
| 852 |
_aES-MaACL _jG-7401 |
||
| 999 |
_c32744 _d32744 |
||